Southville International School and Colleges
Your cart is empty.
  • Cart
  • Lists
    Public lists Eva Luna New books Lux_list list_1
    Your lists Log in to create your own lists
  • Log in to your account
  • Your cookies
  • Search history
Southville International School and Colleges
  • Advanced search
  • Recent comments
  • Most popular
  • Libraries

Log in to your account

Log in with GOOGLE


If you do not have an external account, but do have a local account, you can still log in:

  1. Home
  2. MARC view: Plane trigonometry /
Normal view MARC view ISBD view

Plane trigonometry / (Record no. 288694)

[ view plain ]
MARC details
000 -LEADER
fixed length control field 00529nam a22001810 4500
003 - CONTROL NUMBER IDENTIFIER
control field PILC
005 - DATE AND TIME OF LATEST TRANSACTION
control field 20150921080808.0
008 - FIXED-LENGTH DATA ELEMENTS--GENERAL INFORMATION
fixed length control field 951219s1986
050 ## - LIBRARY OF CONGRESS CALL NUMBER
Classification number QA 533
Item number .Ad19 1994
100 1# - MAIN ENTRY--PERSONAL NAME
Personal name Adanza, Estela Galicano.
245 10 - TITLE STATEMENT
Title Plane trigonometry /
Statement of responsibility, etc Estela Galicano-Adanza, Roberto N. Padua.
260 ## - PUBLICATION, DISTRIBUTION, ETC. (IMPRINT)
Place of publication, distribution, etc Manila :
Name of publisher, distributor, etc Rex Book Store,
Date of publication, distribution, etc 1986.
300 ## - PHYSICAL DESCRIPTION
Extent viii, 237 pages ;
Dimensions 25 cm.
500 ## - GENERAL NOTE
General note Includes index.
650 ## - SUBJECT ADDED ENTRY--TOPICAL TERM
Topical term or geographic name as entry element Trigonometry.
700 1# - ADDED ENTRY--PERSONAL NAME
Personal name Padua, Roberto N.
942 ## - ADDED ENTRY ELEMENTS (KOHA)
Source of classification or shelving scheme Library of Congress Classification
Koha item type Books
Call number prefix Filipininana
Holdings
Withdrawn status Lost status Source of classification or shelving scheme Damaged status Home library Current library Shelving location Date acquired Source of acquisition Sub Shelving location Total Checkouts Full call number Barcode Date last seen Price effective from Koha item type
    Library of Congress Classification   College Library College Library Filipiniana Section 09/21/2015 Donation     QA 533 .Ad19 1994 C20029 05/08/2018 09/21/2015 Books

Plane trigonometry /

APA

Adanza E. G., Padua R. N., . (1986). Plane trigonometry. Manila: Rex Book Store.

Chicago

Adanza Estela Galicano, Padua Roberto N, . 1986. Plane trigonometry. Manila: Rex Book Store.

Harvard

Adanza E. G., Padua R. N., . (1986). Plane trigonometry. Manila: Rex Book Store.

MLA

Adanza Estela Galicano, Padua Roberto N, . Plane trigonometry. Manila: Rex Book Store. 1986.

  • Place hold
  • Print
  • Cite
  • Add to your cart (remove)
  • Save record
    BIBTEX Dublin Core MARCXML MARC (non-Unicode/MARC-8) MARC (Unicode/UTF-8) MARC (Unicode/UTF-8, Standard) MODS (XML) RIS
  • More searches
    Search for this title in:
    Other Libraries (WorldCat) Other Databases (Google Scholar) Online Stores (Bookfinder.com) Open Library (openlibrary.org)

Exporting to Dublin Core...

SOUTHVILLE LIBRARY

Southville International School and Colleges Library

1281 Tropical Ave. Cor. Luxembourg St., BF Homes International, Las Pinas City

Tel. No. 8256374 / 252358 Loc. 117/146

Powered by Koha